01277nam a2200337Ia 450000500170000000800410001702000180005802000150007604100080009110000360009924501280013525000180026330000620028150000420034352100360038553400290042165000480045065000500049865000380054865000360058665000410062265000410066370000300070470000430073426400280077733600270080533700330083233800280086504000350089308400110092820220317001741.0170328s2015 c a g 000 f s  a9789584245915 a9584245910 aspa1 aLewis, Clive Staplesd1898-196314aLas crónicas de Narniabel sobrino del magocC.S. Lewis ; traducción de Gemma Gallart ; ilustraciones de Pauline Baynes a1a. edición a251, [2] páginasbilustraciones a blanco y negroc21 cm aIncluye datos biográficos del autor aRecomendado desde los 12 años tThe Chronicles of Narnia142LEMBaNovela juvenil británicaySiglo XIX142LEMBaLiteratura juvenil britanicaySiglo XIX142LEMBaFantasía en la literatura142LEMBaAnimales en la literatura142LEMBaImaginación en la literatura142LEMBaLibros ilustrados para niños1 aGallart, Gemmaetraductor1 aBaynes, Paulined1922-2008eilustrador aBogotábDestinoc2015 atextobtxt2rdacontent asin mediaciónbn2rdamedia avolumenbnc2rdacarrier aCO-BoRNBPbspaerdacCO-BoRNBP aN LEW2